000 01935nam a2200289 a 4500
001 000004206
005 20200929151419.0
008 090720s2007 dr ab 000 0 spa d
020 _a9789945860412
040 _aDO-SdBNP
_bspa
_cBNPHU
082 _a307.7609729
_bC581f
245 0 0 _aCiudades fragmentadas :
_blas fronteras internas en el Caribe /
_ccoordinadores Haroldo Dilla Alfonso, Maribel Villalona Núñez.
260 _aSanto Domingo :
_bCiudades y fronteras,
_c2007.
300 _a239 p. :
_bil. ;
_c24 cm.
490 1 _aFrontera en transición.
500 _aIncluye referencias bibliográficas y notas al pie de las páginas.
500 _aIncluye bibliografía al final de los capítulos.
505 2 _aIntroducción / Haroldo Dilla Alfonso -- San Juan : Fronteras elusivas enunciación el urbanismo en la zona metropolitana / Jorge L. Lizardi Pollock -- Santo Domingo : El estado manifiesto de sus mundos paralelos / Maribel Villalona Núñez -- Santiago de los Caballeros : Espacio público -espacio privado / Julio César Corral -- Puerto Príncipe : Nuevas fronteras urbanas / Dominique Mathon -- La Habana : Apuntes para un estudio socioespacial / René A. González Rego -- Cuba : La reestructuración espacial / Haroldo Dilla Alfonso -- Cuba : Desarrollo industrial e impacto territorial / Hiram Marquetti Nodarse -- Fronteras y ciudad : Un comentario / Andrea C. Catenazzi -- Fronteras internas : Comparación, conceptualización, intervención / Carlos García Pleyán -- Autores.
590 _aLa biblioteca posee 3 ejemplares autografiados por el autor
590 _aInventariado,2018/DG
650 4 _aCiudades y pueblos
_zCaribe (Región{Rpara}
_912413
650 4 _aUrbanización
_zCaribe (Región{Rpara}
_912414
700 1 _aDilla Alfonso, Haroldo
_95199
700 1 _aVillalona Núñez, Maribel
_912415
830 0 _aFrontera en transición.
_912416
910 _aValidado. Control de calidad MMOLINA
999 _c4020
_d4020